=LDR 00000nam 2200000 4500 =001 NUTBA000000000001743 =005 20140514124356.0 =006 =007 =008 =020 ##$$a 979-626-052-2 =035 ##$$a 0010-051400000000208 =082 ##$$a 2X7.2 =100 ##$$a AZRA, AZYUMURDI =245 ##$$aPENDIDIKAN ISLAM =260 ##$$a JAKARTA $b LOGOR WACANA ILMU $c 2000 =440 ##$$aPENDIDIKAN ISLAM =700 ##$$a AZRA, AZYUMURDI =990 ##$$a 21197150/BPAP-NTB/2014 =990 ##$$a 0001/BPAP-NTB/20142014